[Event "Hessen 1-Berlin 3"]
[Site "?"]
[Date "2015.09.06"]
[Round "1.1"]
[White "Burger, Heinrich"]
[Black "Clara, Hans-Joachim"]
[Result "0-1"]
[WhiteElo "2121"]
[BlackElo "2327"]
[PlyCount "116"]
[EventDate "2015.??.??"]

1. d4 Nf6 2. c4 e6 3. g3 d5 4. Nf3 dxc4 5. Qa4+ Nbd7 6. Qxc4 a6 7. Bg2 b5 8. Qc2
Bb7 9. Nbd2 c5 10. dxc5 Nxc5 11. O-O Rc8 12. Nb3 Nxb3 13. Qxb3 Bd5 14. Qd1 Bc5
15. b3 O-O 16. Bb2 Qe7 17. e3 Rfd8 18. Qe2 Ne4 19. Rac1 h6 20. Rfd1 Ba3 21. Nd4
Bxb2 22. Qxb2 b4 23. Ne2 Rxc1 24. Rxc1 Bb7 25. Bxe4 Bxe4 26. Qe5 Ba8 27. e4 Qd7
28. f3 Qd2 29. Kf2 Qxa2 30. Qc7 Qd2 31. Rc2 Qd3 32. Nf4 Qd4+ 33. Kg2 Qd1 34. Nd5
Rxd5 35. exd5 Bxd5 36. Rf2 Qxb3 37. Qc8+ Kh7 38. Qxa6 f5 39. h4 Qc3 40. h5 Qf6
41. Qb5 b3 42. Rd2 Qc3 43. Rf2 Qf6 44. Rd2 Qf7 45. Rxd5 exd5 46. Qxb3 Qe6 47.
Kf2 Qf7 48. Kg2 Qd7 49. Qd3 d4 50. g4 Kg8 51. gxf5 Kf7 52. Kg3 Qc7+ 53. Kg4 Qd8
54. Kf4 Qd5 55. Qa6 d3 56. Qg6+ Kf8 57. f6 Qd4+ 58. Kg3 Qg1+ 0-1

[Event "Hessen 1-Berlin 3"]
[Site "?"]
[Date "2015.09.06"]
[Round "1.2"]
[White "Nehmert, Ulrich"]
[Black "Krug, Peter"]
[Result "1-0"]
[WhiteElo "2360"]
[BlackElo "2181"]
[PlyCount "41"]
[EventDate "2015.??.??"]

1. d4 d5 2. c4 c6 3. e3 e6 4. Nf3 Nf6 5. Bd3 Nbd7 6. O-O Be7 7. b3 O-O 8. Bb2 b6
9. Nbd2 Bb7 10. Qe2 c5 11. Rfd1 Re8 12. Rac1 Qb8 13. Ne5 Nf8 14. f4 Ne4 15. cxd5
exd5 16. Nxe4 dxe4 17. Bc4 Ne6 18. Nxf7 Bc8 19. d5 Kxf7 20. Qh5+ Kf8 21. dxe6
1-0

[Event "Hessen 1-Berlin 3"]
[Site "?"]
[Date "2015.09.06"]
[Round "1.3"]
[White "Shapiro, Yosip"]
[Black "Bosbach, Gerhard"]
[Result "1/2-1/2"]
[WhiteElo "2101"]
[BlackElo "2204"]
[PlyCount "97"]
[EventDate "2015.??.??"]

1. Nf3 Nf6 2. c4 c6 3. d4 d5 4. Nc3 a6 5. e3 g6 6. Bd3 Bg7 7. O-O O-O 8. Bd2 Re8
9. Ne5 Nfd7 10. Nxd7 Qxd7 11. c5 Qc7 12. f4 Nd7 13. Na4 Rb8 14. Qe1 Nf6 15. Ba5
Qd7 16. Nb6 Qg4 17. h3 Qh5 18. Rf3 Ne4 19. Bxe4 dxe4 20. g4 Qh6 21. Rg3 g5 22.
f5 e6 23. Qf2 exf5 24. gxf5 Bf6 25. Nc4 Re7 26. Nd6 Bd7 27. Bc7 Ra8 28. Kg2 Kh8
29. Rg4 Qg7 30. Rf1 h5 31. Rxe4 Qh7 32. Qg3 Rg8 33. Rxe7 Bxe7 34. e4 h4 35. Qb3
Bxd6 36. Bxd6 f6 37. Qf3 Be8 38. Kh2 Bh5 39. Qf2 Qf7 40. b3 Kh7 41. e5 Qd5 42.
exf6 Re8 43. Re1 Re4 44. Rxe4 Qxe4 45. Be5 Bf7 46. Qg2 Qxf5 47. Qg4 Qf2+ 48. Qg2
Qe3 49. Qg1 1/2-1/2

[Event "Hessen 1-Berlin 3"]
[Site "?"]
[Date "2015.09.06"]
[Round "1.4"]
[White "Kargoll, Herbert"]
[Black "Glatthor, Thomas"]
[Result "1/2-1/2"]
[WhiteElo "2184"]
[BlackElo "2047"]
[PlyCount "96"]
[EventDate "2015.??.??"]

1. e4 d6 2. d4 g6 3. Bc4 Bg7 4. f4 c5 5. dxc5 Qa5+ 6. c3 Qxc5 7. Qe2 Nc6 8. Be3
Qa5 9. Nd2 Nf6 10. Ngf3 Bg4 11. h3 Bxf3 12. Qxf3 e6 13. O-O O-O 14. Bb3 Qc7 15.
Rad1 Rfd8 16. Qe2 Rd7 17. f5 exf5 18. exf5 Re8 19. Qf2 d5 20. fxg6 fxg6 21. Bf4
Qa5 22. Rfe1 Rf8 23. Nf3 Kh8 24. Ne5 Re7 25. Nxc6 Rxe1+ 26. Rxe1 bxc6 27. Be5
Qb6 28. Bd4 Qd8 29. Rf1 Kg8 30. Bxa7 Ne4 31. Qe3 Rxf1+ 32. Kxf1 Qh4 33. Bb8 Bh6
34. Qe2 Bf8 35. Kg1 Bc5+ 36. Kh2 Qe7 37. Qg4 Kg7 38. Qf4 Nd6 39. Qg4 Qe8 40. Bc7
Qe5+ 41. g3 Qe1 42. Qd1 Qf2+ 43. Kh1 Qxg3 44. Qg4 Qe1+ 45. Kh2 Qf2+ 46. Qg2 Qf4+
47. Qg3 Qd2+ 48. Qg2 Qe1 1/2-1/2

[Event "Sachsen 1-NRW"]
[Site "?"]
[Date "2015.09.06"]
[Round "1.1"]
[White "Khanukov, Boris"]
[Black "Weidlich, Guenter"]
[Result "1-0"]
[WhiteElo "2334"]
[BlackElo "2199"]
[PlyCount "135"]
[EventDate "2015.??.??"]

1. d4 g6 2. e4 Bg7 3. Nc3 c6 4. Bc4 b5 5. Bb3 b4 6. Nce2 d5 7. exd5 cxd5 8. Bd2
Na6 9. Nf3 Nf6 10. Nf4 O-O 11. O-O e6 12. Nd3 Qb6 13. a3 bxa3 14. Rxa3 Bd7 15.
Ba4 Bxa4 16. Rxa4 Ne4 17. Bf4 Rfc8 18. c3 Nc7 19. Nfe5 Nb5 20. Qa1 Qd8 21. Ra5
Ned6 22. Qa4 Rab8 23. Nc5 Qe8 24. Ned7 Rb6 25. Rxa7 Nxa7 26. Nxb6 Qxa4 27. Ncxa4
Rd8 28. Ra1 Ndb5 29. Kf1 f6 30. Nc5 Kf7 31. Ra5 e5 32. Be3 f5 33. dxe5 Bxe5 34.
Ncd7 Bc7 35. Ra6 Nc8 36. Nxc8 Rxd7 37. Na7 Nxa7 38. Rxa7 Ke6 39. h3 Be5 40. Rxd7
Kxd7 41. Ke2 Kc6 42. Kd3 Kb5 43. b3 Bf6 44. Bd4 Be7 45. f3 Bd8 46. g4 Bc7 47.
gxf5 gxf5 48. Bf6 Bb6 49. Be5 Bc5 50. Ke2 Bb6 51. Kf1 Bd8 52. Kf2 Bg5 53. Kg3
Kc6 54. h4 Bd2 55. h5 Bg5 56. Kf2 Bh6 57. Ke2 Bg5 58. Kd3 Kb5 59. Kd4 Kc6 60. c4
dxc4 61. Kxc4 Bd2 62. Bg7 Be3 63. b4 Bf2 64. Bd4 Bg3 65. b5+ Kd6 66. Ba7 Be1 67.
Bb8+ Ke6 68. b6 1-0

[Event "Sachsen 1-NRW"]
[Site "?"]
[Date "2015.09.06"]
[Round "1.2"]
[White "Boehm, Erwin"]
[Black "Rotstein, Jefim"]
[Result "0-1"]
[WhiteElo "2172"]
[BlackElo "2317"]
[PlyCount "88"]
[EventDate "2015.??.??"]

1. e4 c5 2. Nc3 Nc6 3. g3 g6 4. Bg2 Bg7 5. d3 d6 6. Be3 e5 7. Qd2 Rb8 8. Nd5
Nce7 9. c3 Nxd5 10. exd5 Ne7 11. Ne2 Nf5 12. O-O O-O 13. f4 Nxe3 14. Qxe3 Qb6
15. b3 exf4 16. Qxf4 Bf5 17. Qd2 Bxd3 18. Rf2 Bxe2 19. Rxe2 c4+ 20. Kf1 cxb3 21.
axb3 Rbc8 22. Qe3 Qxe3 23. Rxe3 Bxc3 24. Ra4 a5 25. Re7 b5 26. Rae4 Be5 27. Rb7
b4 28. Rb5 Rc1+ 29. Kf2 Re8 30. Bf1 Rec8 31. Be2 R8c5 32. Rb8+ Kg7 33. Bc4 Rc2+
34. Kg1 a4 35. Rxb4 a3 36. Ra4 a2 37. Re1 Rc7 38. Rf1 Re7 39. Bd3 Rd2 40. Bc4
Bd4+ 41. Kh1 h5 42. b4 a1=Q 43. Raxa1 Bxa1 44. Rxa1 Re4 0-1

[Event "Sachsen 1-NRW"]
[Site "?"]
[Date "2015.09.06"]
[Round "1.3"]
[White "Hassenrueck, Helmut"]
[Black "Knaak, Joachim"]
[Result "1-0"]
[WhiteElo "2248"]
[BlackElo "2105"]
[PlyCount "51"]
[EventDate "2015.??.??"]

1. d4 d5 2. Nf3 c6 3. c4 Nf6 4. e3 e6 5. Nbd2 Bd6 6. Bd3 Nbd7 7. O-O O-O 8. e4
dxe4 9. Nxe4 Nxe4 10. Bxe4 Nf6 11. Bc2 h6 12. b3 b6 13. Bb2 Bb7 14. Qd3 Re8 15.
Rfe1 Be7 16. Rad1 Qc7 17. Ne5 Bd6 18. h3 Rad8 19. Ng4 Be7 20. d5 Qf4 21. Nxf6+
Bxf6 22. Qh7+ Kf8 23. Bc1 Qc7 24. dxc6 Qxc6 25. Ba3+ Rd6 26. Bxd6+ 1-0

[Event "Sachsen 1-NRW"]
[Site "?"]
[Date "2015.09.06"]
[Round "1.4"]
[White "Lehmann, Wolfgang"]
[Black "Neese, Hans-Joachim"]
[Result "1-0"]
[WhiteElo "1912"]
[BlackElo "2175"]
[PlyCount "113"]
[EventDate "2015.??.??"]

1. Nf3 d5 2. d4 c6 3. g3 Bf5 4. Bg2 Nd7 5. O-O e6 6. b3 Be7 7. Bb2 h6 8. c4 Ngf6
9. Nc3 O-O 10. Rc1 Qa5 11. Nd2 Rac8 12. a3 b5 13. b4 Qb6 14. c5 Qc7 15. a4 a6
16. e4 dxe4 17. Ndxe4 Rfd8 18. Qe2 Nd5 19. Nxd5 exd5 20. Nc3 Bf6 21. Qf3 Bg6 22.
axb5 axb5 23. Ne2 Bg5 24. Ra1 Ra8 25. Ra3 Rxa3 26. Qxa3 Re8 27. Bf3 Nf8 28. h4
Bf6 29. Nf4 Be4 30. Re1 Qd7 31. Bxe4 dxe4 32. Qe3 g5 33. Nh5 Bd8 34. d5 cxd5 35.
Qd4 f6 36. hxg5 Qf7 37. Nxf6+ Bxf6 38. gxf6 Nd7 39. Rd1 Ne5 40. Qxd5 Nf3+ 41.
Kg2 Ne1+ 42. Kf1 Nd3 43. Qxf7+ Kxf7 44. Bc3 Ra8 45. Rd2 Ke6 46. Ke2 Ra7 47. Ke3
Ra3 48. Kxe4 Nxc5+ 49. bxc5 Rxc3 50. Rd6+ Kf7 51. Kd4 Rf3 52. c6 Rxf2 53. Kc5
Rg2 54. Kxb5 Rxg3 55. c7 Rb3+ 56. Kc6 Rc3+ 57. Kd7 1-0

[Event "Baden-Niedersachsen 2"]
[Site "?"]
[Date "2015.09.06"]
[Round "1.1"]
[White "Jentsch, Dieter"]
[Black "Nekrasov, Mihail"]
[Result "0-1"]
[WhiteElo "2172"]
[BlackElo "2394"]
[PlyCount "50"]
[EventDate "2015.??.??"]
[WhiteTeam "Niedersachsen 2"]
[BlackTeam "Baden"]

1. e4 c5 2. Nf3 Nc6 3. Bb5 g6 4. c3 Nf6 5. e5 Nd5 6. O-O Bg7 7. d4 cxd4 8. cxd4
O-O 9. Nc3 Nxc3 10. bxc3 d5 11. Re1 Qa5 12. Qb3 Bg4 13. Ba3 Rac8 14. Be2 Bh6 15.
Bc1 Bxc1 16. Raxc1 Rc7 17. Ng5 Bxe2 18. Rxe2 Nxd4 19. Qd1 Nxe2+ 20. Qxe2 Rxc3
21. Rxc3 Qxc3 22. h4 h6 23. Nf3 Qc1+ 24. Kh2 Qf4+ 25. g3 Qe4 0-1

[Event "Baden-Niedersachsen 2"]
[Site "?"]
[Date "2015.09.06"]
[Round "1.2"]
[White "Werner, Clemens"]
[Black "Pape, Manfred"]
[Result "1/2-1/2"]
[WhiteElo "2330"]
[BlackElo "2115"]
[PlyCount "86"]
[EventDate "2015.??.??"]
[WhiteTeam "Baden"]
[BlackTeam "Niedersachsen 2"]

1. e4 c6 2. d4 g6 3. Nc3 Bg7 4. Bc4 d5 5. exd5 b5 6. Bb3 b4 7. Nce2 cxd5 8. Nf3
Nf6 9. O-O O-O 10. Re1 a5 11. a3 Ba6 12. Nf4 e6 13. Nd3 a4 14. Bxa4 Bxd3 15.
cxd3 Qa5 16. b3 bxa3 17. Bxa3 Rc8 18. Ne5 Bf8 19. Bxf8 Rxf8 20. Qf3 Nfd7 21. h4
Nxe5 22. dxe5 Qd8 23. Qf6 Qxf6 24. exf6 Ra7 25. g4 Nd7 26. g5 Nc5 27. d4 Ne4 28.
Rec1 h6 29. Ra2 hxg5 30. f3 Nxf6 31. hxg5 Nh5 32. Rc6 Ng7 33. Kf2 Nf5 34. Rd2
Kg7 35. Ke2 Rh8 36. Kd3 Rh3 37. Kc3 Rb7 38. Rd3 Rg3 39. b4 Ra7 40. Bb3 Rb7 41.
Ba4 Ra7 42. Bb3 Rb7 43. Ba4 Ra7 1/2-1/2

[Event "Baden-Niedersachsen 2"]
[Site "?"]
[Date "2015.09.06"]
[Round "1.3"]
[White "Kaiser, Gerhard"]
[Black "Herbrechtsmeier, Christof"]
[Result "1-0"]
[WhiteElo "2152"]
[BlackElo "2275"]
[PlyCount "99"]
[EventDate "2015.??.??"]
[WhiteTeam "Niedersachsen 2"]
[BlackTeam "Baden"]

1. e4 c5 2. Nf3 Nc6 3. d4 cxd4 4. Nxd4 g6 5. c4 Nf6 6. Nc3 Nxd4 7. Qxd4 d6 8. f3
Bg7 9. Be3 O-O 10. Qd2 Be6 11. Be2 a5 12. O-O a4 13. Rac1 Nd7 14. Nd5 Nc5 15.
Qb4 Bxd5 16. cxd5 Qa5 17. Rc4 b5 18. Qxa5 Rxa5 19. Rc2 b4 20. Bxc5 Rxc5 21. Rxc5
Bd4+ 22. Kh1 Bxc5 23. Bc4 Bd4 24. b3 Rc8 25. g3 Rxc4 26. bxc4 b3 27. axb3 a3 28.
b4 a2 29. c5 dxc5 30. d6 exd6 31. b5 c4 32. b6 Bxb6 33. Ra1 f5 34. Rxa2 c3 35.
Kg2 fxe4 36. fxe4 Bd4 37. Kf3 Kf7 38. Ke2 h5 39. Kd3 Be5 40. Rf2+ Ke6 41. Ra2
Kf6 42. Ke3 g5 43. Rf2+ Kg6 44. Rf5 h4 45. Rxe5 hxg3 46. hxg3 dxe5 47. g4 c2 48.
Kd2 c1=B+ 49. Kxc1 Kf6 50. Kc2 1-0

[Event "Baden-Niedersachsen 2"]
[Site "?"]
[Date "2015.09.06"]
[Round "1.4"]
[White "Kiefer, Gerhard"]
[Black "Schneider, Alexander"]
[Result "1-0"]
[WhiteElo "2230"]
[BlackElo "1989"]
[PlyCount "115"]
[EventDate "2015.??.??"]
[WhiteTeam "Baden"]
[BlackTeam "Niedersachsen 2"]

1. e4 c6 2. d4 d5 3. Nd2 dxe4 4. Nxe4 Bf5 5. Ng3 Bg6 6. h4 h6 7. Nf3 Nd7 8. h5
Bh7 9. Bd3 Bxd3 10. Qxd3 e6 11. Bd2 Ndf6 12. O-O-O Bd6 13. Ne4 Nxe4 14. Qxe4 Nf6
15. Qe2 Qc7 16. Kb1 O-O-O 17. c4 Rhe8 18. Bc3 Nd7 19. g3 Bf8 20. Qc2 Be7 21. Qa4
Kb8 22. Ba5 b6 23. Bc3 Bf6 24. Bd2 Kb7 25. Bf4 Qc8 26. Rhe1 c5 27. d5 e5 28. Be3
Be7 29. Bd2 Bf8 30. Bc3 f6 31. Nh4 Nb8 32. Qc2 Qg4 33. Qe2 Qd7 34. Qe4 Na6 35.
g4 Kb8 36. Nf5 Nc7 37. b3 Bd6 38. Ne3 Rg8 39. Nf5 Ne8 40. Re2 Qf7 41. f4 exf4
42. Nxd6 Nxd6 43. Qxf4 Kb7 44. Rde1 Rd7 45. Re6 Rgd8 46. Ka1 Qf8 47. Kb2 Qf7 48.
R1e2 Re8 49. Be1 Red8 50. Bg3 Qf8 51. Qe3 Nc8 52. Qe4 Nd6 53. Bxd6 Rxd6 54. Re7+
Ka6 55. Qf5 Rb8 56. Qg6 Rb7 57. Rxb7 Kxb7 58. Re8 1-0

[Event "Sachsen 2-Berlin 1"]
[Site "?"]
[Date "2015.09.06"]
[Round "1.1"]
[White "Reichenbach, Werner"]
[Black "Brauer, Christian"]
[Result "1/2-1/2"]
[WhiteElo "2214"]
[BlackElo "2106"]
[PlyCount "69"]
[EventDate "2015.??.??"]
[WhiteTeam "Berlin 1"]
[BlackTeam "Sachsen 2"]

1. Nf3 e6 2. c4 f5 3. g3 Nf6 4. Bg2 c6 5. O-O d5 6. d4 Bd6 7. b3 Qe7 8. Bb2 O-O
9. e3 b6 10. Nbd2 Bb7 11. Ne5 Nbd7 12. Nxd7 Qxd7 13. Rc1 Rac8 14. Qc2 Qe7 15.
Qb1 Ne4 16. Qd3 Bb4 17. Nf3 Bd6 18. Rc2 c5 19. Qe2 dxc4 20. bxc4 Rfd8 21. Rfc1
Bc6 22. Rd1 Ba4 23. Bf1 Bxc2 24. Qxc2 Qb7 25. Be2 b5 26. Qb3 b4 27. Ne1 Ng5 28.
f3 a5 29. h4 Nf7 30. f4 a4 31. Qxa4 Ra8 32. Qb3 Qa6 33. Ra1 Qa4 34. Bd1 Qxb3 35.
Bxb3 1/2-1/2

[Event "Sachsen 2-Berlin 1"]
[Site "?"]
[Date "2015.09.06"]
[Round "1.2"]
[White "Eskandary, Jahya"]
[Black "Postler, Reinhard"]
[Result "0-1"]
[WhiteElo "2073"]
[BlackElo "2215"]
[PlyCount "50"]
[EventDate "2015.??.??"]
[WhiteTeam "Sachsen 2"]
[BlackTeam "Berlin 1"]

1. e4 c5 2. Nc3 e6 3. Bc4 Nc6 4. d3 a6 5. a3 Nf6 6. Bg5 Be7 7. f4 O-O 8. e5 Ne8
9. Bxe7 Qxe7 10. Nf3 d5 11. Ba2 f6 12. O-O Nc7 13. Qe1 Bd7 14. Qg3 fxe5 15. fxe5
Be8 16. Rae1 Bh5 17. Ne2 Rf5 18. Nc3 Raf8 19. Nd2 Nd4 20. Bb1 Rxf1+ 21. Rxf1 Nf5
22. Qf2 Rf7 23. Qe1 Qg5 24. Ne2 Qe3+ 25. Rf2 Nd4 0-1

[Event "Sachsen 2-Berlin 1"]
[Site "?"]
[Date "2015.09.06"]
[Round "1.3"]
[White "Thormann, Wolfgang"]
[Black "Petzold, Hans"]
[Result "1/2-1/2"]
[WhiteElo "2224"]
[BlackElo "2066"]
[PlyCount "144"]
[EventDate "2015.??.??"]
[WhiteTeam "Berlin 1"]
[BlackTeam "Sachsen 2"]

1. d4 e6 2. e4 d5 3. Nd2 Nc6 4. Ngf3 Nf6 5. e5 Nd7 6. Bb5 a6 7. Bd3 Nb4 8. Be2
c5 9. c3 Nc6 10. O-O f5 11. b3 cxd4 12. cxd4 Be7 13. Bb2 O-O 14. Rc1 Rf7 15. a3
Nf8 16. b4 Bd7 17. Nb3 b6 18. Bd3 g5 19. Ne1 Ng6 20. g3 Rg7 21. Qe2 Qc8 22. Ng2
Qb7 23. Rc2 Nb8 24. Rfc1 Bd8 25. Rc3 Ba4 26. Qc2 Ne7 27. Qd1 Nd7 28. Qf1 Bxb3
29. Rxb3 b5 30. h4 gxh4 31. Nf4 Qb6 32. Kh2 hxg3+ 33. fxg3 Ng6 34. Nh5 Rf7 35.
Qg1 Bg5 36. Rc2 Re8 37. Rbc3 Ndf8 38. Rc6 Qb7 39. Bc1 Bd8 40. Bh6 Kh8 41. Qc1
Qa7 42. Be3 Ne7 43. R6c3 Bb6 44. Qg1 Neg6 45. Be2 Nxe5 46. dxe5 d4 47. Bf2 Rd8
48. Rc8 Rxc8 49. Rxc8 Qd7 50. Rc1 Qd5 51. Rd1 Qa2 52. Nf4 Ng6 53. Ra1 Qc2 54.
Bd3 Qb2 55. Rc1 Nxe5 56. Kh1 Rf6 57. Rc8+ Kg7 58. Nh5+ Kg6 59. Nxf6 Kxf6 60. Rc2
Qxa3 61. Bxd4 Qxd3 62. Bxe5+ Kxe5 63. Qe1+ Kf6 64. Re2 Qd5+ 65. Kh2 Bc7 66. Qc1
Qd6 67. Qh6+ Kf7 68. Qxh7+ Kf8 69. Qh6+ Kf7 70. Qh5+ Kf6 71. Qh6+ Kf7 72. Qh7+
Kf6 1/2-1/2

[Event "Sachsen 2-Berlin 1"]
[Site "?"]
[Date "2015.09.06"]
[Round "1.4"]
[White "Westphal, Norbert"]
[Black "Baumbach, Friedrich"]
[Result "0-1"]
[WhiteElo "1969"]
[BlackElo "2141"]
[PlyCount "68"]
[EventDate "2015.??.??"]
[WhiteTeam "Sachsen 2"]
[BlackTeam "Berlin 1"]

1. d4 d5 2. c4 e6 3. Nf3 Nf6 4. Nc3 Be7 5. Bg5 O-O 6. e3 h6 7. Bh4 Ne4 8. Bxe7
Qxe7 9. cxd5 Nxc3 10. bxc3 exd5 11. Qb3 Rd8 12. Be2 Nc6 13. O-O b6 14. Rac1 Be6
15. Qa4 Na5 16. Ne5 c5 17. dxc5 Qxc5 18. Qb4 Rac8 19. Ba6 Rc7 20. Rfd1 Rb8 21.
a4 Nc4 22. Nd3 Qa5 23. Bb5 Rbc8 24. h3 Qxb4 25. cxb4 Nd6 26. Ba6 Rxc1 27. Rxc1
Rxc1+ 28. Nxc1 Bd7 29. a5 bxa5 30. bxa5 Nc4 31. Bb7 Nxa5 32. Bxd5 Kf8 33. Nb3
Nxb3 34. Bxb3 a5 0-1

[Event "Niedersachsen 1-Schleswig-Holstein 2"]
[Site "?"]
[Date "2015.09.06"]
[Round "1.1"]
[White "Kornrumpf, Joachim"]
[Black "Clemens, Christian"]
[Result "1/2-1/2"]
[WhiteElo "2079"]
[BlackElo "2211"]
[PlyCount "99"]
[EventDate "2015.??.??"]
[WhiteTeam "Schleswig-Holstein 2"]
[BlackTeam "Niedersachsen 1"]

1. b3 d5 2. Bb2 Bg4 3. Nf3 Nd7 4. e3 e5 5. Be2 e4 6. Nd4 Bxe2 7. Qxe2 Ngf6 8.
O-O c5 9. Nb5 a6 10. N5c3 Bd6 11. d3 O-O 12. Nd2 Qe7 13. f4 b5 14. Rad1 b4 15.
Ncb1 Rfe8 16. dxe4 dxe4 17. Nc4 Bc7 18. Nbd2 Rad8 19. Rfe1 a5 20. Nf1 Qe6 21.
Rd2 Nd5 22. Qd1 N7b6 23. Nxb6 Bxb6 24. Qa1 c4 25. Bd4 c3 26. Rdd1 Nxf4 27. Bxb6
Qxb6 28. Kh1 Ne6 29. a3 g6 30. a4 f5 31. Qc1 Kf7 32. Rxd8 Rxd8 33. Rd1 Rd6 34.
Rxd6 Qxd6 35. Qe1 h5 36. Qe2 Kf6 37. Kg1 Qd5 38. Kf2 Qd6 39. Ng3 Nc5 40. Ke1 Qd5
41. Nf1 Ne6 42. Qa6 g5 43. Qe2 Kg6 44. Ng3 h4 45. Nf1 g4 46. Qa6 Qe5 47. Qc8 Ng7
48. Qd8 Kh5 49. Qh8+ Kg6 50. Qxh4 1/2-1/2

[Event "Niedersachsen 1-Schleswig-Holstein 2"]
[Site "?"]
[Date "2015.09.06"]
[Round "1.2"]
[White "Ljubarskij, Juri"]
[Black "Kracht, Helmut"]
[Result "1-0"]
[WhiteElo "2226"]
[BlackElo "2039"]
[PlyCount "57"]
[EventDate "2015.??.??"]
[WhiteTeam "Niedersachsen 1"]
[BlackTeam "Schleswig-Holstein 2"]

1. e4 c5 2. Nf3 Nc6 3. Bb5 g6 4. O-O Bg7 5. c3 a6 6. Bxc6 bxc6 7. d3 e5 8. Be3
d6 9. Re1 Nf6 10. Nbd2 O-O 11. d4 cxd4 12. cxd4 Ng4 13. dxe5 Nxe3 14. Rxe3 dxe5
15. Nc4 Qe7 16. Qa4 Bg4 17. Nb6 Rab8 18. Qxc6 Qa7 19. Rb3 Be6 20. Nd5 Rxb3 21.
axb3 Rc8 22. Qb6 Qxb6 23. Nxb6 Rc2 24. h4 Rxb2 25. Rxa6 Rxb3 26. Ng5 Bg4 27.
Ra8+ Bf8 28. Nd5 Kg7 29. Ra7 1-0

[Event "Niedersachsen 1-Schleswig-Holstein 2"]
[Site "?"]
[Date "2015.09.06"]
[Round "1.3"]
[White "Gehrmann, Rudolf-Rainer"]
[Black "Adibekian, Roubik"]
[Result "1/2-1/2"]
[WhiteElo "2064"]
[BlackElo "2210"]
[PlyCount "45"]
[EventDate "2015.??.??"]
[WhiteTeam "Schleswig-Holstein 2"]
[BlackTeam "Niedersachsen 1"]

1. c4 c5 2. g3 Nf6 3. Bg2 g6 4. Nf3 Bg7 5. Nc3 Nc6 6. O-O d6 7. d4 cxd4 8. Nxd4
Bd7 9. e3 O-O 10. b3 Rb8 11. Bb2 a6 12. Rc1 Nxd4 13. Qxd4 Ng4 14. Qd2 Ne5 15.
Nd5 Bc6 16. f4 Nd7 17. Bxg7 Kxg7 18. Qd4+ Kg8 19. e4 Bxd5 20. exd5 b5 21. Rfe1
b4 22. Rc2 Rb7 23. Rce2 1/2-1/2

[Event "Niedersachsen 1-Schleswig-Holstein 2"]
[Site "?"]
[Date "2015.09.06"]
[Round "1.4"]
[White "Jolowicz, Matias"]
[Black "Seeck, Klaus"]
[Result "1-0"]
[WhiteElo "2159"]
[BlackElo "2109"]
[PlyCount "67"]
[EventDate "2015.??.??"]
[WhiteTeam "Niedersachsen 1"]
[BlackTeam "Schleswig-Holstein 2"]

1. c4 e5 2. g3 Nf6 3. Bg2 d5 4. cxd5 Nxd5 5. Nf3 Nc6 6. O-O Be7 7. d4 e4 8. Ne5
Nxe5 9. dxe5 f5 10. exf6 Nxf6 11. Qb3 c6 12. Nc3 Bf5 13. Qxb7 Qc8 14. Qxc8+ Rxc8
15. Be3 a6 16. Rac1 O-O 17. Na4 Nd5 18. Bc5 Rfe8 19. Bxe7 Rxe7 20. Nc5 Rb8 21.
b3 a5 22. Rfd1 Rbe8 23. e3 Rb8 24. Rc4 Rb4 25. Rdd4 Rxc4 26. Rxc4 Nf6 27. Kf1
Re5 28. Ke1 Kf7 29. Nb7 Rd5 30. Rxc6 Bg4 31. Rc1 Kg6 32. h3 Bf3 33. Bxf3 exf3
34. Rc5 1-0

[Event "Bremen-Schleswig-Holstein 1"]
[Site "?"]
[Date "2015.09.06"]
[Round "1.1"]
[White "Salov, Sergej"]
[Black "Buchal, Stephan"]
[Result "1/2-1/2"]
[WhiteElo "2251"]
[BlackElo "2297"]
[PlyCount "35"]
[EventDate "2015.??.??"]

1. e4 g6 2. d4 Bg7 3. Nc3 d6 4. f4 a6 5. Nf3 b5 6. a4 b4 7. Na2 Bb7 8. Bd3 c5 9.
dxc5 dxc5 10. O-O Qc7 11. Qe2 Nc6 12. e5 Nh6 13. Be3 O-O 14. Rae1 Na5 15. b3 Ng4
16. Nd2 Nxe3 17. Qxe3 f6 18. f5 1/2-1/2

[Event "Bremen-Schleswig-Holstein 1"]
[Site "?"]
[Date "2015.09.06"]
[Round "1.2"]
[White "Rust-Lux, Klaus"]
[Black "Gruzmann, Boris"]
[Result "0-1"]
[WhiteElo "2106"]
[BlackElo "2259"]
[PlyCount "52"]
[EventDate "2015.??.??"]

1. d4 Nf6 2. c4 d6 3. Nc3 Bf5 4. g3 c6 5. Bg2 g6 6. e4 Bg4 7. Nge2 Bg7 8. h3
Bxe2 9. Qxe2 Nfd7 10. Be3 O-O 11. O-O e5 12. Rfd1 f5 13. dxe5 dxe5 14. Qd2 Qe7
15. exf5 gxf5 16. Nd5 cxd5 17. Qxd5+ Kh8 18. Qxb7 f4 19. gxf4 exf4 20. Bd4 Bxd4
21. Rxd4 Qg7 22. Rad1 f3 23. Rg4 Qf6 24. Bf1 Ne5 25. Rd6 Qf7 26. Rd8 Rxd8 0-1

[Event "Bremen-Schleswig-Holstein 1"]
[Site "?"]
[Date "2015.09.06"]
[Round "1.3"]
[White "Neumann, Joachim"]
[Black "Gerhardt, Peter-Michael"]
[Result "1-0"]
[WhiteElo "2112"]
[BlackElo "1969"]
[PlyCount "133"]
[EventDate "2015.??.??"]

1. c4 Nf6 2. g3 g6 3. Bg2 Bg7 4. Nc3 O-O 5. e4 d6 6. Nge2 Nc6 7. O-O Bd7 8. d3
Qc8 9. Nf4 e5 10. Nfd5 Bh3 11. Nxf6+ Bxf6 12. Nd5 Bg7 13. Bxh3 Qxh3 14. Nxc7
Rac8 15. Nd5 f5 16. f3 Rf7 17. Be3 Rcf8 18. Qe2 Nd4 19. Bxd4 exd4 20. Nf4 Qh6
21. Nd5 fxe4 22. fxe4 Be5 23. Rxf7 Rxf7 24. Rf1 Rxf1+ 25. Kxf1 Kg7 26. Kg2 Qc1
27. b3 h5 28. h4 Kh6 29. Qf2 Qd1 30. Qf8+ Bg7 31. Qf4+ Kh7 32. Qf3 Qd2+ 33. Kh3
Qe1 34. Nf4 Be5 35. Ne6 Bg7 36. Ng5+ Kh8 37. Nf7+ Kg8 38. Nxd6 Kh7 39. Nf7 Bh6
40. Ne5 Bg7 41. Nf7 Bh6 42. Nd8 b6 43. Ne6 Bg7 44. b4 Kg8 45. Ng5 Bf6 46. b5 Kg7
47. Ne6+ Kf7 48. Nf4 Kg7 49. Ne6+ Kg8 50. Nf4 Kg7 51. Nd5 Be5 52. Nf4 Bf6 53.
Kg2 Qd2+ 54. Qe2 Qc1 55. e5 Bxh4 56. Ne6+ Kf7 57. Nxd4 Be7 58. Qf1+ Qxf1+ 59.
Kxf1 Bc5 60. Nc6 Ke6 61. d4 Ba3 62. d5+ Kf5 63. e6 Kf6 64. Nxa7 Bd6 65. Kg2 Bc5
66. Nc8 g5 67. a4 1-0

[Event "Bremen-Schleswig-Holstein 1"]
[Site "?"]
[Date "2015.09.06"]
[Round "1.4"]
[White "Kuenitz, Bernhard"]
[Black "Dittmann, Hans-Adolf"]
[Result "0-1"]
[WhiteElo "1879"]
[BlackElo "2141"]
[PlyCount "62"]
[EventDate "2015.??.??"]

1. c4 Nf6 2. g3 g6 3. Bg2 Bg7 4. Nf3 d6 5. Nc3 e5 6. d3 O-O 7. O-O Nc6 8. Rb1 a5
9. a3 Re8 10. e4 Nd4 11. Nxd4 exd4 12. Ne2 Nd7 13. b4 axb4 14. axb4 c5 15. b5
Ne5 16. Nf4 Ra2 17. b6 Bg4 18. f3 Bd7 19. Nd5 Ba4 20. Rb3 Nc6 21. Nc7 Na5 22.
Rb2 Bxd1 23. Rxa2 Nxc4 24. dxc4 Bb3 25. Ra8 Qxa8 26. Nxa8 Rxa8 27. Bf4 Be5 28.
Rc1 Bxf4 29. gxf4 Ra6 30. Bh3 Rxb6 31. Rb1 d3 0-1

[Event "Brandenburg 1-Hamburg 2"]
[Site "?"]
[Date "2015.09.06"]
[Round "1.1"]
[White "Kuhn, Gerd"]
[Black "Schulz, Michael"]
[Result "1-0"]
[WhiteElo "2076"]
[BlackElo "2214"]
[PlyCount "137"]
[EventDate "2015.??.??"]

1. d4 Nf6 2. c4 c5 3. d5 e6 4. Nc3 exd5 5. cxd5 d6 6. e4 g6 7. Nf3 Bg7 8. Be2
O-O 9. O-O a6 10. a4 Re8 11. Nd2 Nbd7 12. f4 Rb8 13. a5 Qc7 14. g4 h6 15. Bf3 c4
16. Qe2 b5 17. axb6 Nxb6 18. Qg2 Bd7 19. Kh1 Bb5 20. Rg1 Nh7 21. Nf1 Nd7 22. h4
Nc5 23. Be3 Nd3 24. Ng3 Bd7 25. Ra2 Qd8 26. g5 hxg5 27. hxg5 Nxb2 28. Rxb2 Bxc3
29. Rc2 Rb3 30. Ne2 Bg7 31. Bd4 Qa5 32. Ra1 Qb4 33. Qf2 Rd3 34. Bxg7 Kxg7 35.
Rxa6 Rh8 36. Kg2 Qb1 37. Ng1 Nf8 38. Rb6 Bh3+ 39. Kg3 Rb3 40. Rxb3 cxb3 41. Rb2
Qf1 42. Rxb3 Qxf2+ 43. Kxf2 Nd7 44. Rb7 Nc5 45. Rb6 Bd7 46. Rxd6 Rb8 47. Ne2 Rb2
48. Ke3 Ba4 49. Nc3 Be8 50. Rd8 Bd7 51. Kd4 Nb3+ 52. Ke5 Nd2 53. Be2 Bh3 54. f5
gxf5 55. exf5 Bf1 56. f6+ Kh7 57. Bxf1 Nxf1 58. Rf8 Rb7 59. Ne4 Nh2 60. Nc5 Rc7
61. Kd6 Ra7 62. Kc6 Nf3 63. Kb6 Ra1 64. Rxf7+ Kg8 65. Rg7+ Kh8 66. d6 Rd1 67. d7
Ne5 68. Kc7 Nc6 69. Re7 1-0

[Event "Brandenburg 1-Hamburg 2"]
[Site "?"]
[Date "2015.09.06"]
[Round "1.2"]
[White "Walter, Guenter"]
[Black "Gerigk, Wolf"]
[Result "1-0"]
[WhiteElo "2203"]
[BlackElo "2055"]
[PlyCount "69"]
[EventDate "2015.??.??"]

1. e4 c5 2. Nf3 d6 3. d4 cxd4 4. Nxd4 Nf6 5. Nc3 a6 6. h3 b5 7. Bd3 Bb7 8. a3
Nbd7 9. O-O Rc8 10. Re1 e5 11. Nf5 g6 12. Nh6 Be7 13. Qf3 Nc5 14. Bg5 Ne6 15.
Be3 Rxc3 16. bxc3 d5 17. exd5 Bxd5 18. Qd1 Qc7 19. Bd2 Nc5 20. Ng4 Nxg4 21. hxg4
h5 22. Be3 Qc6 23. Bxc5 Qxc5 24. Rxe5 hxg4 25. Bxb5+ axb5 26. Qxd5 Qxd5 27. Rxd5
O-O 28. Rxb5 Rc8 29. Rb3 Bf6 30. a4 Bxc3 31. Raa3 Bd4 32. Rd3 Bb2 33. Ra2 Rxc2
34. Rd1 g3 35. Rb1 1-0